| 000 | 00599nam a22001937a 4500 | ||
|---|---|---|---|
| 005 | 20251108175400.0 | ||
| 008 | 250721s2013 xx 000 0 ara d | ||
| 082 | 1 | 4 | _a962/بتل |
| 100 | 1 | _aبتلر، ألفريد جاشوا | |
| 245 | 1 | 0 | _aالحياة في البلاط الملكي المصري / |
| 264 | 1 |
_aالقاهرة : _bليليت للنشر والتوزيع، _c2013. |
|
| 300 | _a268 ص. | ||
| 650 | 1 | 7 | _aتاريخ مصر |
| 650 | 1 | 7 | _aالتاريخ |
| 700 | 1 |
_aعزب، محمد _eمحقق |
|
| 700 | 1 |
_aموافي، مي _eمحقق |
|
| 942 |
_2ddc _cBK |
||
| 999 |
_c132791 _d132791 |
||